Представление документа в формате MARC21

Поле Инд. ПП Название Значение
Тип записи a
Библиографический уровень b
001 Контрольный номер RU/IS/BASE/463673556
005 Дата корректировки 20200522191703.4
008 Кодируемые данные 20140910
040 b Код языка каталог. rus
e Правила каталог. PSBO
041 0_ a Код языка текста rus
084 a Индекс другой классификации/Индекс ББК 63.3(2)533-33,8
100 1_ a Автор Зотов В. Д.
q Полное имя Зотов Виктор Дмитриевич
245 10 a Заглавие Петр Столыпин и его идейно-политическое наследие в современной России
504 a Библиография Библиогр. ссылки
520 0_ a Аннотация Статья посвящена анализу идейно-политического наследия выдающегося государственного деятеля - реформатора дореволюционной России Петра Аркадьевича Столыпина. Анализируются три основные проблемы - проблема власти, ее развития, реформа рабочего законодательства; проблема крестьянства и реформа землеустройства в России; проблема борьбы с терроризмом
600 a Персоналии Столыпин Петр Аркадьевич
650 a Основная рубрика внутренняя политика
a Основная рубрика история
a Основная рубрика политика
653 1_ a Ключевые слова XIX век
a Ключевые слова XX век
a Ключевые слова борьба с терроризмом
a Ключевые слова государственные деятели
a Ключевые слова земельная реформа
a Ключевые слова политические деятели
a Ключевые слова Россия
a Ключевые слова терроризм
773 08 t Заглавие источника Социально-гуманитарные знания
d Дата издания источника 2014
g Прочая информация № 3. - С. 219 - 232
w Контрольный № источника RU/IS/BASE/457543916
901 t Тип документа b